000
00294nam a22001337a 4500
008
170424b xxu||||| |||| 00| 0 eng d
020
_a
9780071751681
041
_a
eng
080
_a
54
100
_a
12
101
_a
SHM
245
_a
5 STEPS TO A AP CHEMISTRY
_c
MOORE, J.T
942
_2
udc
_c
BK
999
_c
11646
_d
11646